000 00653nam a2200181 4500
001 133271
003 ES-MaACL
005 20230906194349.0
007 t|
008 070214s1962 ag r ||||1| spa d
100 1 _aRostow, Eugene V.
_999927
245 1 0 _aPlaneamiento para la libertad
_b: el Derecho Público del capitalismo norteamericano /
_cEugene V. Rostow ; traducción de Delia A. García Daireaux, Atanasio Sáchez.
260 _aBuenos Aires :
_bBibliográfica Omeba,
_c1962.
300 _a350 p. ;
_c24 cm.
700 1 _aGarcía Daireaux, Delia A.
_954398
700 1 _aSáchez, Atanasio.
_9101245
852 _aES-MaACL
_jC-24799
_bR.53533
999 _c133271
_d133271